| 000 | 00557cam a22002291 4500 | ||
|---|---|---|---|
| 001 | sa 65008789 | ||
| 003 | DLC | ||
| 005 | 20260227112157.0 | ||
| 008 | 890525s1964 ii b 000 0 hin | ||
| 010 | _asa 65008789 | ||
| 035 | _a(OCoLC)19766952 | ||
| 040 |
_aDLC _cWaU _dDLC |
||
| 042 | _apremarc | ||
| 050 | 0 | 0 |
_aB133.C36 _bB6 |
| 100 | 1 |
_aBoṛā, Rāmacandra, _d1923- |
|
| 245 | 0 | 0 | _aCārvāka-darśana. |
| 260 | _c[1964?] | ||
| 300 |
_a9, 102 p. _c19 cm. |
||
| 500 | _aIn Hindi. | ||
| 504 | _aBibliographical footnotes. | ||
| 600 | 0 | 0 | _aCārvāka. |
| 999 |
_c65864 _d65864 |
||